000 00363nam a2200157Ia 4500
005 20250425160818.0
008 250425s9999 xx 000 0 und d
041 _aeng
082 _a739.224
245 0 _aANCIENT METHODS OF GILDING SILVER ; EXAMPLES
250 _aS.E.
260 _aS.L.
260 _aSin Pais
_bMITP
_c1971
942 _c01
010 _a5874
999 _c196636
_d196636